Stone Cold lyrics - Statistics

General Stats
  • This quiz has been taken 60 times
  • The average score is 28 of 33
Answer Stats
Line Missing Lyric % Correct
Stone ____, stone ____ cold
100%
____ cold, _____ cold Stone
98%
Stone ____, stone ____ cold
94%
You're _______ with her dancing
94%
_____ for you Happy
94%
____ that I am Know
94%
God _____ I try to feel knows
94%
____ cold, _____ cold Stone
94%
While I'm staring at my _____ phone
92%
You see me ________ standing
92%
I'll ____ the pain take
92%
Give me the _____ truth
92%
Even if I can't __________ understand
92%
Stone cold, ____ baby
90%
She's your shade of ____ gold
90%
Me and my _____ heart
90%
I'm happy for ___ you
90%
If happy is ___ her
88%
I was your _____, but now amber
86%
Maybe if I don't ___ cry
86%
I won't ____ anymore feel
86%
But I'm _____ on the floor dying
82%
____ make it through We'll
82%
__ happy for you I'm
80%
If happy __ her is
78%
Know ____ I am that
78%
Even if I ____ understand can't
76%
__ happy is her If
76%
Don't _____ be stone cold wanna
69%
But here's my _______ good-bye
67%
__, I'm happy for you Oh
65%
_____ Stone
55%
I wish I could ____ this mean
51%
No matching quizzes found
Score Distribution
Percent of People with Each Score
Percentile by Number Answered
Your Score History
You have not taken this quiz